Metafory v slovenskom politickom diskurze

Metafora, ako literárny a jazykový prostriedok, preniká do našej každoden nej reči, myšlienok a porozumenia sveta okolo nás. Je to nástroj, ktorý umožňuje prenášať význam z jedného kontextu do druhého, čím obohacuje naše vyjadrovanie a pomáha nám lepšie porozumieť komplexným a ab straktným javom....

Ausführliche Beschreibung

Gespeichert in:
Bibliographische Detailangaben
1. Verfasser: Seresová, Katarína, 1967-
Format: Buchkapitel
Sprache:Slowakisch
Schlagworte:
Tags: Tag hinzufügen
Keine Tags, Fügen Sie das erste Tag hinzu!

MARC

LEADER 00000naa$a2200000$$$4500
001 0305322
005 20260311134630.4
041 0 |a slo 
044 |a SK 
245 1 0 |a Metafory v slovenskom politickom diskurze  |c Katarína Seresová 
520 |a Metafora, ako literárny a jazykový prostriedok, preniká do našej každoden nej reči, myšlienok a porozumenia sveta okolo nás. Je to nástroj, ktorý umožňuje prenášať význam z jedného kontextu do druhého, čím obohacuje naše vyjadrovanie a pomáha nám lepšie porozumieť komplexným a ab straktným javom. Vo svojej podstate ide o spôsob, ako vyjadriť niečo ne známe alebo ťažko opísateľné pomocou niečoho známeho a konkrétneho. 
610 2 0 |a komunikácia 
610 2 0 |a strany opozičné 
610 2 0 |a strany vládne 
610 2 0 |a politika 
610 2 0 |a prejavy 
610 2 0 |a strany politické 
100 1 |a Seresová, Katarína, 1967-